[Event "CZE-chT2D 1920"]
[Site "Czech Republic"]
[Date "2020.06.28"]
[Round "11.7"]
[White "Just, Pavel"]
[Black "Krejcik, Tomas"]
[Result "1/2-1/2"]
[WhiteElo "1977"]
[BlackElo "1917"]
[PlyCount "67"]
[EventDate "2019.10.13"]
[EventType "team-tourn"]
[EventRounds "11"]
[EventCountry "CZE"]
[SourceTitle "EXT 2024"]
[Source "ChessBase"]
[SourceDate "2023.10.10"]
[SourceVersion "1"]
[SourceVersionDate "2023.10.10"]
[SourceQuality "1"]
[WhiteTeam "Polabiny III"]
[BlackTeam "Chotebor"]
[WhiteTeamCountry "CZE"]
[BlackTeamCountry "CZE"]

1. e4 c5 2. Nf3 e6 3. c4 Nc6 4. d4 cxd4 5. Nxd4 a6 6. Nxc6 bxc6 7. Nc3 Rb8 8. Be2 Qc7 9. 0-0 Bd6 10. h3 Bf4 11. Qc2 Ne7 12. Bf3 0-0 13. b3 Bxc1 14. Raxc1 c5 15. Rcd1 Nc6 16. Ne2 Ne5 17. Ng3 Bb7 18. Qc3 Rfd8 19. Rd2 a5 20. Rfd1 Ra8 21. a4 Rab8 22. Ne2 Bc8 23. Rb1 Rb4 24. Rdb2 Ba6 25. Nc1 Rdb8 26. Be2 f6 27. f4 Nf7 28. Na2 R4b7 29. Qe3 Nd6 30. Rc1 Rb6 31. Rc3 Bb7 32. Bd3 Ba8 33. Nc1 Rb4 34. Re2 1/2-1/2

[Event "WchT Seniors 65"]
[Site "Prague"]
[Date "2020.03.09"]
[Round "4.4"]
[White "Just, Pavel"]
[Black "Hardicsay, Peter"]
[Result "0-1"]
[WhiteElo "1954"]
[BlackElo "2203"]
[PlyCount "110"]
[EventDate "2020.03.06"]
[EventType "team-swiss"]
[EventRounds "7"]
[EventCountry "CZE"]
[SourceTitle "CBM 195 Extra"]
[Source "ChessBase"]
[SourceDate "2020.05.31"]
[SourceVersion "1"]
[SourceVersionDate "2020.05.31"]
[SourceQuality "1"]
[WhiteTeam "Czech Republic 65 V"]
[BlackTeam "Hungary 65"]
[WhiteTeamCountry "CZE"]
[BlackTeamCountry "HUN"]

1. e4 c5 2. Nf3 Nc6 3. c4 d6 4. d4 cxd4 5. Nxd4 e5 6. Nxc6 bxc6 7. Nc3 Nf6 8. Be2 Be7 9. 0-0 0-0 10. Be3 Be6 11. Qd2 Qc7 12. Rac1 Qb7 13. Bg5 Rad8 14. Qc2 h6 15. Bxf6 Bxf6 16. Rcd1 Rd7 17. b3 Bd8 18. Bf3 Bb6 19. Ne2 Bc5 20. Rd2 a5 21. Nc3 Bd4 22. Ne2 Bc5 23. Nc3 Rdd8 24. Na4 Bd4 25. Nc3 Qb4 26. Ne2 Bc5 27. Nc3 Rb8 28. Rfd1 Bd4 29. Na4 Rfd8 30. g3 Rf8 31. g4 Rfd8 32. h3 Rbc8 33. Kg2 Re8 34. Re2 Re7 35. Rde1 Rb7 36. Rd1 Rbb8 37. Rc1 Rd8 38. Rce1 c5 39. Rh1 Bd7 40. Nb2 Qa3 41. Nd3 a4 42. Nc1 Rb7 43. Rd1 Ra8 44. Kg3 Rba7 45. Kg2 axb3 46. axb3 Qa5 47. Rd3 Qd8 48. Rd1 Qh4 49. Rh1 Ra1 50. Qd3 R8a3 51. Qc2 g6 52. Rd2 h5 53. gxh5 gxh5 54. Kf1 Rxc1+ 55. Qxc1 Ra1 0-1

[Event "CZE-chT1E 1819"]
[Site "Czech Republic"]
[Date "2019.02.03"]
[Round "7.6"]
[White "Just, Pavel"]
[Black "Neoral, Antonin"]
[Result "1/2-1/2"]
[WhiteElo "1962"]
[BlackElo "2115"]
[PlyCount "37"]
[EventDate "2018.10.21"]
[EventType "team-tourn"]
[EventRounds "11"]
[EventCountry "CZE"]
[SourceTitle "CBM 188 Extra"]
[Source "ChessBase"]
[SourceDate "2019.02.26"]
[SourceVersion "1"]
[SourceVersionDate "2019.02.26"]
[SourceQuality "1"]
[WhiteTeam "Polabiny III"]
[BlackTeam "Litovel Tatran"]
[WhiteTeamCountry "CZE"]
[BlackTeamCountry "CZE"]

1. e4 c5 2. Nf3 Nc6 3. c4 e5 4. d3 g6 5. g3 Bg7 6. Bg2 Nge7 7. 0-0 d6 8. Nc3 0-0 9. Nd5 Nxd5 10. cxd5 Ne7 11. Ng5 h6 12. Nh3 Bd7 13. f4 exf4 14. gxf4 Qb6 15. Kh1 f5 16. Re1 fxe4 17. dxe4 Rae8 18. Rb1 Kh7 19. Bd2 1/2-1/2

[Event "Wch Seniors 65 26th"]
[Site "Marianske Lazne"]
[Date "2016.11.30"]
[Round "11"]
[White "Hohler, Peter"]
[Black "Just, Pavel"]
[Result "1/2-1/2"]
[WhiteElo "2119"]
[BlackElo "1996"]
[PlyCount "71"]
[EventDate "2016.11.19"]
[EventType "swiss"]
[EventRounds "11"]
[EventCountry "CZE"]
[SourceTitle "EXT 2018"]
[Source "ChessBase"]
[SourceDate "2017.10.13"]
[SourceVersion "1"]
[SourceVersionDate "2017.10.13"]
[SourceQuality "1"]

1. c4 e6 2. Nc3 f5 3. g3 Nf6 4. Bg2 d6 5. d4 g6 6. e4 fxe4 7. Nxe4 Nxe4 8. Bxe4 Bg7 9. Be3 0-0 10. Ne2 Nc6 11. 0-0 Ne7 12. f4 d5 13. Bd3 dxc4 14. Bxc4 Nd5 15. Bf2 Kh8 16. Rc1 c6 17. Bb3 Bd7 18. Nc3 Bf6 19. Ne4 Be7 20. Qe2 Qc8 21. Nc5 Bf6 22. Rfe1 Re8 23. a3 Kg8 24. Ba2 a5 25. Nd3 Qc7 26. Ne5 Kg7 27. Ng4 Be7 28. Ne5 Bf6 29. Bb1 Bxe5 30. Qxe5+ Qxe5 31. Rxe5 b6 32. Bd3 Rec8 33. Bf1 Kf7 34. h4 h5 35. Bg2 Kf6 36. Bh3 1/2-1/2

[Event "Wch Seniors 65 26th"]
[Site "Marianske Lazne"]
[Date "2016.11.24"]
[Round "6"]
[White "Lang, Ferdinand"]
[Black "Just, Pavel"]
[Result "1-0"]
[WhiteElo "2133"]
[BlackElo "1996"]
[PlyCount "101"]
[EventDate "2016.11.19"]
[EventType "swiss"]
[EventRounds "11"]
[EventCountry "CZE"]
[SourceTitle "CBM 175 Extra"]
[Source "ChessBase"]
[SourceDate "2016.12.12"]
[SourceVersion "1"]
[SourceVersionDate "2016.12.12"]
[SourceQuality "1"]

1. e4 e5 2. Nf3 Nc6 3. Bb5 Nf6 4. d3 d6 5. c3 Bd7 6. 0-0 Be7 7. Re1 a6 8. Ba4 0-0 9. Nbd2 b5 10. Bc2 Bg4 11. h3 Bh5 12. Nf1 Bxf3 13. Qxf3 Ne8 14. Bd2 Bg5 15. Ne3 Bxe3 16. Bxe3 Qf6 17. Qe2 Ne7 18. d4 Ng6 19. g3 c6 20. Rad1 Nc7 21. Rf1 Qe6 22. Kh2 exd4 23. cxd4 Qxa2 24. b3 Qa5 25. h4 Rfe8 26. f4 Nf8 27. f5 b4 28. Qg4 Kh8 29. Qh5 Re7 30. Bf4 Ne8 31. e5 dxe5 32. dxe5 f6 33. Qf3 fxe5 34. Bg5 e4 35. Bxe4 Nf6 36. Bxf6 gxf6 37. Bxc6 Rc8 38. Rd6 Qe5 39. Rfd1 Rec7 40. Be4 Rc3 41. Qg4 R3c7 42. Qf4 Qxf4 43. gxf4 Re8 44. Bd5 Rc2+ 45. Kh1 Ree2 46. Rxf6 Rh2+ 47. Kg1 Nd7 48. Rf7 Nc5 49. f6 Ne6 50. Be4 h5 51. Rd8+ 1-0

[Event "Wch Seniors 65 26th"]
[Site "Marianske Lazne"]
[Date "2016.11.20"]
[Round "2"]
[White "Marshall, Michael"]
[Black "Just, Pavel"]
[Result "1/2-1/2"]
[WhiteElo "1841"]
[BlackElo "1996"]
[PlyCount "83"]
[EventDate "2016.11.19"]
[EventType "swiss"]
[EventRounds "11"]
[EventCountry "CZE"]
[SourceTitle "CBM 175 Extra"]
[Source "ChessBase"]
[SourceDate "2016.12.12"]
[SourceVersion "1"]
[SourceVersionDate "2016.12.12"]
[SourceQuality "1"]

1. d4 Nf6 2. Bf4 b6 3. Nf3 Bb7 4. e3 e6 5. Bd3 d6 6. Nbd2 Be7 7. 0-0 Nh5 8. Bg3 Nd7 9. c3 Nxg3 10. hxg3 0-0 11. Qe2 c5 12. Ba6 Bc6 13. Bb5 Bxb5 14. Qxb5 a6 15. Qe2 b5 16. a4 Qb6 17. axb5 axb5 18. Rfd1 c4 19. Rdc1 d5 20. e4 Bd6 21. e5 Be7 22. Nh4 b4 23. Nf1 b3 24. Ne3 Rfb8 25. f4 g6 26. Nf3 Ra2 27. Rab1 Rba8 28. Nd1 Qd8 29. Kh2 Qf8 30. Kg1 R8a6 31. Ne3 Qa8 32. Kh2 Ra1 33. Qe1 Rxb1 34. Rxb1 Ra2 35. Qc1 Nb6 36. Nd1 Na4 37. Kg1 Qa5 38. Kh2 Nb6 39. Kg1 Kg7 40. Kh2 Nc8 41. Nf2 Qd8 42. Qe3 1/2-1/2

[Event "CZE-ch Seniors 60"]
[Site "Rychnov nad Kneznou"]
[Date "2015.08.22"]
[Round "8"]
[White "Just, Pavel"]
[Black "Juricek, Stanislav"]
[Result "1/2-1/2"]
[WhiteElo "1999"]
[BlackElo "2112"]
[PlyCount "29"]
[EventDate "2015.08.15"]
[EventType "swiss"]
[EventRounds "9"]
[EventCountry "CZE"]
[SourceTitle "EXT 2016"]
[Source "ChessBase"]
[SourceDate "2015.10.08"]
[SourceVersion "1"]
[SourceVersionDate "2015.10.08"]
[SourceQuality "1"]

1. e4 e6 2. d4 d5 3. e5 c5 4. Nf3 Nc6 5. Bd3 cxd4 6. 0-0 Qc7 7. Re1 Nge7 8. Nbd2 Ng6 9. Bxg6 fxg6 10. Nb3 Be7 11. Nbxd4 Nxd4 12. Nxd4 0-0 13. c3 Bd7 14. Qd3 Bc5 15. Be3 1/2-1/2

[Event "CZE-ch Seniors 60"]
[Site "Rychnov nad Kneznou"]
[Date "2015.08.21"]
[Round "7"]
[White "Perik, Alois"]
[Black "Just, Pavel"]
[Result "0-1"]
[WhiteElo "1862"]
[BlackElo "1999"]
[PlyCount "116"]
[EventDate "2015.08.15"]
[EventType "swiss"]
[EventRounds "9"]
[EventCountry "CZE"]
[SourceTitle "EXT 2016"]
[Source "ChessBase"]
[SourceDate "2015.10.08"]
[SourceVersion "1"]
[SourceVersionDate "2015.10.08"]
[SourceQuality "1"]

1. c4 Nf6 2. Nc3 e6 3. e4 Nc6 4. d4 Bb4 5. e5 Ng8 6. a3 Bxc3+ 7. bxc3 d6 8. Qg4 Kf8 9. f4 h5 10. Qh3 f5 11. Nf3 Nge7 12. Ng5 Rh6 13. Be2 Na5 14. Rb1 Rb8 15. Qd3 b6 16. c5 dxc5 17. dxc5 Qxd3 18. Bxd3 Bb7 19. Kf2 Bd5 20. cxb6 cxb6 21. a4 Rc8 22. Bd2 Ke8 23. Bb5+ Kf8 24. Rhd1 Nc4 25. Bxc4 Bxc4 26. Be3 Nd5 27. Rdc1 Rc7 28. g3 Ke7 29. Bd4 Rh8 30. Nf3 Rhc8 31. Nd2 g6 32. Ra1 Bd3 33. a5 b5 34. Nb1 a6 35. Ke1 Bxb1 36. Rcxb1 Nxc3 37. Bxc3 Rxc3 38. Rd1 R8c6 39. Ra2 Rc1 40. Rad2 Rxd1+ 41. Kxd1 Rc5 42. Rd6 Rd5+ 43. Rxd5 exd5 44. Kd2 b4 45. Kd3 Ke6 46. Kd4 Kd7 47. Kd3 Kc7 48. Kd4 Kc6 49. h3 Kd7 50. Kd3 Kc7 51. Ke3 Kd7 52. Kd3 Kc7 53. Ke3 b3 54. Kd3 d4 55. Kd2 Kd7 56. Kd3 Ke6 57. Kd2 g5 58. Kd3 h4 0-1

[Event "CZE-ch Seniors 60"]
[Site "Rychnov nad Kneznou"]
[Date "2015.08.17"]
[Round "3"]
[White "Urbanec, Vladimir"]
[Black "Just, Pavel"]
[Result "1/2-1/2"]
[WhiteElo "1501"]
[BlackElo "1999"]
[PlyCount "55"]
[EventDate "2015.08.15"]
[EventType "swiss"]
[EventRounds "9"]
[EventCountry "CZE"]
[SourceTitle "EXT 2016"]
[Source "ChessBase"]
[SourceDate "2015.10.08"]
[SourceVersion "1"]
[SourceVersionDate "2015.10.08"]
[SourceQuality "1"]

1. f4 d5 2. Nf3 g6 3. d4 Bg7 4. e3 Bg4 5. Nbd2 e6 6. Bd3 Nd7 7. 0-0 c5 8. c3 Ne7 9. Qe1 0-0 10. b3 Rc8 11. Bb2 Bxf3 12. Rxf3 cxd4 13. cxd4 Re8 14. b4 Nf5 15. g4 Nd6 16. h4 f5 17. g5 b5 18. h5 Nc4 19. Bc1 a5 20. Nb3 a4 21. Nc5 Ndb6 22. a3 Kf7 23. hxg6+ hxg6 24. Rh3 Rh8 25. Qg3 Qe7 26. Ra2 Rxh3 27. Qxh3 Rh8 28. Qg3 1/2-1/2

[Event "CZE-ch Seniors 60"]
[Site "Rychnov nad Kneznou"]
[Date "2015.08.15"]
[Round "1"]
[White "Wiedermann, Jan"]
[Black "Just, Pavel"]
[Result "0-1"]
[WhiteElo "1729"]
[BlackElo "1999"]
[PlyCount "80"]
[EventDate "2015.08.15"]
[EventType "swiss"]
[EventRounds "9"]
[EventCountry "CZE"]
[SourceTitle "EXT 2016"]
[Source "ChessBase"]
[SourceDate "2015.10.08"]
[SourceVersion "1"]
[SourceVersionDate "2015.10.08"]
[SourceQuality "1"]

1. d4 Nf6 2. c4 e6 3. Nc3 Bb4 4. a3 Bxc3+ 5. bxc3 c5 6. d5 Qa5 7. Bb2 d6 8. f3 e5 9. e3 Bf5 10. e4 Bg6 11. Bd3 Nbd7 12. Qb3 0-0 13. Ne2 Rab8 14. Qb5 Qc7 15. 0-0 Nh5 16. g4 Nf4 17. Nxf4 exf4 18. Bc1 Ne5 19. Be2 a6 20. Qb3 b5 21. cxb5 c4 22. Qc2 Qc5+ 23. Kg2 Rxb5 24. Bxf4 Rfb8 25. Rfb1 Rb3 26. Bxe5 dxe5 27. Rxb3 Rxb3 28. Rb1 Qxa3 29. Bxc4 Rxb1 30. Qxb1 Qd6 31. Bxa6 h5 32. Bd3 hxg4 33. fxg4 f6 34. Qb4 Qd7 35. h3 Qa7 36. Qb2 Qe3 37. Qe2 Bxe4+ 38. Kh2 Qf4+ 39. Kg1 Qg3+ 40. Kf1 Bxd3 0-1

[Event "CZE-chT2D 1415"]
[Site "Czech Republic"]
[Date "2015.03.29"]
[Round "10.7"]
[White "Poslusny, Martin"]
[Black "Just, Pavel"]
[Result "1/2-1/2"]
[WhiteElo "1952"]
[BlackElo "2009"]
[PlyCount "28"]
[EventDate "2014.11.02"]
[EventType "team-tourn"]
[EventRounds "11"]
[EventCountry "CZE"]
[SourceTitle "EXT 2022"]
[Source "ChessBase"]
[SourceDate "2021.10.06"]
[SourceVersion "1"]
[SourceVersionDate "2021.10.06"]
[SourceQuality "1"]
[WhiteTeam "Usti nad Orlici"]
[BlackTeam "Polabiny II"]
[WhiteTeamCountry "CZE"]
[BlackTeamCountry "CZE"]

1. d4 Nf6 2. Nf3 g6 3. g3 Bg7 4. Bg2 0-0 5. 0-0 d6 6. Nc3 Nbd7 7. e4 e5 8. dxe5 dxe5 9. Re1 c6 10. Be3 Ng4 11. Bc1 Qe7 12. h3 Ngf6 13. b3 Rd8 14. Qe2 b6 1/2-1/2

[Event "CZE-chT2D 1213"]
[Site "Czech Republic"]
[Date "2013.01.06"]
[Round "6.8"]
[White "Travnicek, Petr"]
[Black "Just, Pavel"]
[Result "1/2-1/2"]
[WhiteElo "2138"]
[BlackElo "2053"]
[PlyCount "37"]
[EventDate "2012.10.14"]
[EventType "team-tourn"]
[EventRounds "11"]
[EventCountry "CZE"]
[SourceTitle "EXT 2016"]
[Source "ChessBase"]
[SourceDate "2015.10.08"]
[SourceVersion "1"]
[SourceVersionDate "2015.10.08"]
[SourceQuality "1"]
[WhiteTeam "Olomouc Garde"]
[BlackTeam "Polabiny III"]
[WhiteTeamCountry "CZE"]
[BlackTeamCountry "CZE"]

1. d4 Nf6 2. Nf3 g6 3. Bf4 d6 4. e3 Bg7 5. Nbd2 0-0 6. h3 Nbd7 7. Bc4 c5 8. c3 a6 9. a4 b6 10. Qe2 Bb7 11. 0-0 Qc7 12. Rfd1 e5 13. dxe5 dxe5 14. Bh2 Rfe8 15. e4 Re7 16. Ne1 Bh6 17. f3 Nh5 18. Qf2 Ndf6 19. Nd3 1/2-1/2

[Event "CZE-chT2D 1213"]
[Site "Czech Republic"]
[Date "2012.12.02"]
[Round "4.7"]
[White "Just, Pavel"]
[Black "Dostal, Pavel"]
[Result "0-1"]
[WhiteElo "2053"]
[BlackElo "2105"]
[PlyCount "92"]
[EventDate "2012.10.14"]
[EventType "team-tourn"]
[EventRounds "11"]
[EventCountry "CZE"]
[SourceTitle "EXT 2016"]
[Source "ChessBase"]
[SourceDate "2015.10.08"]
[SourceVersion "1"]
[SourceVersionDate "2015.10.08"]
[SourceQuality "1"]
[WhiteTeam "Polabiny III"]
[BlackTeam "Nachod"]
[WhiteTeamCountry "CZE"]
[BlackTeamCountry "CZE"]

1. e4 Nf6 2. e5 Nd5 3. d4 d6 4. c4 Nb6 5. f4 dxe5 6. fxe5 Nc6 7. Be3 Bf5 8. Nf3 Nb4 9. Na3 e6 10. Be2 Be7 11. 0-0 0-0 12. Qb3 a5 13. Rfd1 a4 14. Qc3 Nc6 15. d5 exd5 16. Bxb6 Bb4 17. Qc1 cxb6 18. cxd5 Bc5+ 19. Kh1 Nb4 20. Qf4 Bg6 21. Bc4 Rc8 22. d6 Kh8 23. Nd4 Nc6 24. Nf3 Nb4 25. h3 h6 26. Rd2 Qd7 27. Nh4 Bh7 28. Rf1 Nc6 29. e6 fxe6 30. Qxf8+ Rxf8 31. Rxf8+ Bg8 32. Ng6+ Kh7 33. Bd3 Qxd6 34. Nf4+ Qxd3 35. Rxd3 Bxf8 36. Rd7 e5 37. Ne2 Bxa2 38. Nb5 Bc4 39. Nec3 Bc5 40. Na3 Ba6 41. Ne4 Bd4 42. h4 Bd3 43. Nf6+ Kg6 44. Ne8 e4 45. g4 e3 46. Nxg7 Be4+ 0-1

[Event "CZE-chT2D 1112"]
[Site "Czech Republic"]
[Date "2012.03.25"]
[Round "10"]
[White "Just, Pavel"]
[Black "Piza, Vlastimil"]
[Result "0-1"]
[WhiteElo "2029"]
[BlackElo "2252"]
[PlyCount "100"]
[EventDate "2011.10.09"]
[EventType "team-tourn"]
[EventRounds "11"]
[EventCountry "CZE"]
[SourceTitle "EXT 2013"]
[Source "ChessBase"]
[SourceDate "2012.11.22"]
[SourceVersion "1"]
[SourceVersionDate "2012.11.22"]
[SourceQuality "1"]
[WhiteTeam "Polabiny III"]
[BlackTeam "Trebic Caissa"]
[WhiteTeamCountry "CZE"]
[BlackTeamCountry "CZE"]

1. e4 c5 2. c4 Nc6 3. Nf3 e5 4. Nc3 d6 5. d3 g6 6. Nd5 Bg7 7. Be2 h6 8. Bd2 Nge7 9. Qc1 f5 10. h4 fxe4 11. dxe4 Bg4 12. Be3 Qd7 13. Qd2 Nd4 14. Bxd4 cxd4 15. Nxe7 Kxe7 16. Qd3 Rac8 17. a4 Rhf8 18. b3 Rf4 19. Nd2 Be6 20. g3 Rf7 21. h5 g5 22. Rc1 b6 23. a5 bxa5 24. Ra1 Rc5 25. Ra4 Kf8 26. 0-0 Bf6 27. Rfa1 Bd8 28. f3 Bb6 29. Rf1 Qd8 30. Rf2 Rc8 31. Nf1 Qf6 32. Nh2 Kg7 33. Rf1 Qd8 34. Ng4 Rb8 35. Raa1 Bc5 36. Kg2 Qb6 37. Bd1 Qd8 38. Bc2 Rb4 39. Nh2 Qd7 40. Rf2 a4 41. Rxa4 Bxc4 42. bxc4 Rxa4 43. Bxa4 Qxa4 44. Rb2 Qa1 45. Rb3 a5 46. Ng4 a4 47. Rb1 Qc3 48. Nf2 a3 49. Qxc3 dxc3 50. Nd3 c2 0-1

[Event "CZE-chT2D 1112"]
[Site "Czech Republic"]
[Date "2012.01.22"]
[Round "6"]
[White "Just, Pavel"]
[Black "Kastner, Oldrich"]
[Result "1-0"]
[WhiteElo "2029"]
[BlackElo "2137"]
[PlyCount "53"]
[EventDate "2011.10.09"]
[EventType "team-tourn"]
[EventRounds "11"]
[EventCountry "CZE"]
[SourceTitle "EXT 2013"]
[Source "ChessBase"]
[SourceDate "2012.11.22"]
[SourceVersion "1"]
[SourceVersionDate "2012.11.22"]
[SourceQuality "1"]
[WhiteTeam "Polabiny III"]
[BlackTeam "Pardubice AKIS"]
[WhiteTeamCountry "CZE"]
[BlackTeamCountry "CZE"]

1. e4 e6 2. d4 d5 3. e5 c5 4. Nf3 Nc6 5. Bd3 cxd4 6. 0-0 f5 7. Nbd2 Bd7 8. Nb3 Qb6 9. Re1 Rc8 10. Bxf5 exf5 11. e6 Bd6 12. Nfxd4 Nge7 13. exd7+ Kxd7 14. Bg5 Rce8 15. c3 g6 16. Bxe7 Rxe7 17. Rxe7+ Nxe7 18. Qe2 Bb8 19. Re1 Qd6 20. g3 Rf8 21. Nb5 Qf6 22. Nc5+ Ke8 23. Nxb7 Rf7 24. Nc5 f4 25. Nd4 Bd6 26. Nce6 g5 27. Qb5+ 1-0

[Event "CZE-chT2C 0809"]
[Site "Czech Republic"]
[Date "2009.04.05"]
[Round "11.8"]
[White "Just, Pavel"]
[Black "Buchar, Petr"]
[Result "1/2-1/2"]
[WhiteElo "2034"]
[BlackElo "2026"]
[PlyCount "80"]
[EventDate "2008.10.12"]
[EventType "team-tourn"]
[EventRounds "11"]
[EventCountry "CZE"]
[SourceTitle "EXT 2010"]
[Source "ChessBase"]
[SourceDate "2010.11.25"]
[SourceVersion "1"]
[SourceVersionDate "2010.11.25"]
[SourceQuality "1"]
[WhiteTeam "Polabiny III"]
[BlackTeam "Vrchlabi"]
[WhiteTeamCountry "CZE"]
[BlackTeamCountry "CZE"]

1. e4 c5 2. Nf3 Nc6 3. c4 d6 4. d4 cxd4 5. Nxd4 Nf6 6. Nc3 g6 7. Be2 Bg7 8. Be3 0-0 9. 0-0 Bd7 10. f3 a6 11. Qd2 Rb8 12. Nc2 Be6 13. Rab1 Qc7 14. Rfc1 Rfc8 15. b3 Ne5 16. Nd4 Bd7 17. Nd5 Qd8 18. Rc2 Nc6 19. Nxc6 Rxc6 20. Rbc1 Nxd5 21. cxd5 Rxc2 22. Rxc2 Rc8 23. Bd3 Rxc2 24. Qxc2 Qc8 25. Qxc8+ Bxc8 26. Bb6 Kf8 27. Kf2 e6 28. Bc4 e5 29. a4 Ke7 30. Be3 h6 31. h4 f5 32. g3 fxe4 33. fxe4 Bg4 34. Be2 h5 35. b4 Bd7 36. b5 axb5 37. axb5 Kd8 38. Bb6+ Kc8 39. Be3 Bf6 40. b6 Bg4 1/2-1/2

[Event "CZE-chT2C 0809"]
[Site "Czech Republic"]
[Date "2009.01.25"]
[Round "7.8"]
[White "Just, Pavel"]
[Black "Pospisil, Evzen"]
[Result "0-1"]
[WhiteElo "2034"]
[BlackElo "2146"]
[PlyCount "66"]
[EventDate "2008.10.12"]
[EventType "team-tourn"]
[EventRounds "11"]
[EventCountry "CZE"]
[SourceTitle "EXT 2010"]
[Source "ChessBase"]
[SourceDate "2010.11.25"]
[SourceVersion "1"]
[SourceVersionDate "2010.11.25"]
[SourceQuality "1"]
[WhiteTeam "Polabiny III"]
[BlackTeam "Ricany"]
[WhiteTeamCountry "CZE"]
[BlackTeamCountry "CZE"]

1. e4 c5 2. Nf3 d6 3. c4 Nc6 4. d4 cxd4 5. Nxd4 g6 6. Nc3 Bg7 7. Be3 Nf6 8. Be2 Qa5 9. 0-0 0-0 10. Rc1 Bd7 11. Nb3 Qe5 12. f3 a5 13. Na4 Nh5 14. Qd2 Be8 15. Nb6 Rd8 16. g4 Ng3 17. Rf2 Nxe2+ 18. Rxe2 h5 19. Bf4 Nd4 20. Kg2 Qxf4 21. Qxf4 Nxe2 22. Qd2 Nxc1 23. Nxc1 hxg4 24. Qxa5 gxf3+ 25. Kxf3 Bc6 26. Nd3 f5 27. Ke2 fxe4 28. Nb4 Bd4 29. N6d5 Rf2+ 30. Ke1 Rdf8 31. Nxe7+ Kh7 32. Nd3 exd3 33. Qg5 Re2+ 0-1

[Event "CZE-chT2C 0809"]
[Site "Czech Republic"]
[Date "2008.12.21"]
[Round "5.8"]
[White "Just, Pavel"]
[Black "Vacek, Radomir"]
[Result "1-0"]
[WhiteElo "2034"]
[BlackElo "2139"]
[PlyCount "102"]
[EventDate "2008.10.12"]
[EventType "team-tourn"]
[EventRounds "11"]
[EventCountry "CZE"]
[SourceTitle "EXT 2010"]
[Source "ChessBase"]
[SourceDate "2010.11.25"]
[SourceVersion "1"]
[SourceVersionDate "2010.11.25"]
[SourceQuality "1"]
[WhiteTeam "Polabiny III"]
[BlackTeam "Turnov Zikuda II"]
[WhiteTeamCountry "CZE"]
[BlackTeamCountry "CZE"]

1. e4 c5 2. c4 g6 3. Nf3 Bg7 4. d4 cxd4 5. Nxd4 Nc6 6. Be3 Nf6 7. Nc3 0-0 8. Be2 d6 9. 0-0 Re8 10. Nc2 Bd7 11. f3 Rc8 12. Qd2 b6 13. Rac1 Ne5 14. b3 Bc6 15. Rfd1 Ba8 16. Nb4 Nc6 17. Nxc6 Bxc6 18. Nd5 Bb7 19. b4 Nxd5 20. cxd5 Qd7 21. b5 Rxc1 22. Rxc1 Rc8 23. a4 Rc7 24. Rc4 Rxc4 25. Bxc4 Qc7 26. Qc2 Bc8 27. Kf2 Kf8 28. Ke2 Bf6 29. Kd3 e6 30. a5 exd5 31. Bxd5 Qxc2+ 32. Kxc2 Bd8 33. a6 Be6 34. Bc6 f6 35. Kd3 g5 36. g4 Bb3 37. Bf2 Be6 38. h4 h6 39. Bg3 Ke7 40. Kd4 Bc7 41. Bf2 Bb8 42. Bd5 Bd7 43. Bc4 Be6 44. Be2 Bf7 45. Be3 Bc7 46. h5 Bg8 47. f4 Bd8 48. Bc4 Bxc4 49. Kxc4 Bc7 50. Kd5 Kd7 51. f5 Bd8 1-0

[Event "CZE-chT2C 0809"]
[Site "Czech Republic"]
[Date "2008.11.23"]
[Round "3.6"]
[White "Just, Pavel"]
[Black "Cmiko, Jakub"]
[Result "1/2-1/2"]
[WhiteElo "2034"]
[BlackElo "2099"]
[PlyCount "147"]
[EventDate "2008.10.12"]
[EventType "team-tourn"]
[EventRounds "11"]
[EventCountry "CZE"]
[SourceTitle "EXT 2010"]
[Source "ChessBase"]
[SourceDate "2010.11.25"]
[SourceVersion "1"]
[SourceVersionDate "2010.11.25"]
[SourceQuality "1"]
[WhiteTeam "Polabiny III"]
[BlackTeam "Praha Oaza"]
[WhiteTeamCountry "CZE"]
[BlackTeamCountry "CZE"]

1. e4 c5 2. Nf3 d6 3. c4 Nf6 4. Nc3 g6 5. d4 cxd4 6. Nxd4 Bg7 7. Be2 0-0 8. Be3 Nc6 9. 0-0 Bd7 10. Qd2 Ng4 11. Bxg4 Bxg4 12. f3 Bd7 13. Rac1 Qa5 14. Rfd1 Nxd4 15. Bxd4 Bxd4+ 16. Qxd4 Be6 17. b3 Rac8 18. Rc2 Rfe8 19. Rcd2 Qc5 20. Na4 Qa5 21. Qc3 Qxc3 22. Nxc3 a6 23. a4 Rc5 24. Kf2 Rec8 25. Ke3 Kf8 26. f4 R8c6 27. Ra1 Rb6 28. Ra3 Rbc6 29. h3 Rc7 30. g4 h5 31. f5 gxf5 32. gxf5 Bd7 33. Nd5 R7c6 34. f6 exf6 35. Rf2 Bxh3 36. Rxf6 Kg7 37. Rf3 Bg4 38. Rf4 Rc8 39. Kd4 Re8 40. b4 Rc6 41. Nf6 Rec8 42. Rc3 b5 43. axb5 axb5 44. Nxg4 Rxc4+ 45. Rxc4 Rxc4+ 46. Kd5 hxg4 47. Rxg4+ Kf8 48. Kxd6 Rxb4 49. Kc5 Rb1 50. Rf4 Ke7 51. e5 b4 52. Kc4 b3 53. Kc3 Re1 54. Rf5 Re3+ 55. Kb2 Kf8 56. Ka3 Ke7 57. Kb2 Rg3 58. Ka3 Rg6 59. Kxb3 Ke6 60. Rh5 Rg4 61. Kc3 Re4 62. Rh6+ Kxe5 63. Kd3 f5 64. Rh5 Kf4 65. Rh4+ Kf3 66. Rh3+ Kg4 67. Rh1 Re7 68. Rg1+ Kh4 69. Rf1 Kg5 70. Rg1+ Kf6 71. Rf1 Rd7+ 72. Ke3 Ke5 73. Ra1 f4+ 74. Kf2 1/2-1/2